European Agriculture under Immigration Effects: New Empirical Evidence
Výskum európskeho poľnohospodárstva pod vplyvom hospodárskej a humanitárnej migrácie so zameraním na výsledky dosiahnuté desiatimi členskými štátmi EÚ (najviac zacielenými migrantmi) v rokoch 2000 - 2016. Použitie priestorovej analýzy a modelovania štruktúrnej rovnice. Odhady vplyvu ekonomického pri...
Na minha lista:
| Autor principal: | |
|---|---|
| Outros Autores: | |
| Formato: | Capítulo de Livro |
| Idioma: | inglês |
| Assuntos: | |
| Tags: |
Sem tags, seja o primeiro a adicionar uma tag!
|
MARC
| LEADER | 00000naa a2200000 4500 | ||
|---|---|---|---|
| 001 | 0253496 | ||
| 005 | 20221104110244.8 | ||
| 041 | 0 | |a eng | |
| 044 | |a CZ | ||
| 245 | 1 | 0 | |a European Agriculture under Immigration Effects: New Empirical Evidence |c Mirela Cristea, Gratiela Georgiana Noja |
| 520 | |a Výskum európskeho poľnohospodárstva pod vplyvom hospodárskej a humanitárnej migrácie so zameraním na výsledky dosiahnuté desiatimi členskými štátmi EÚ (najviac zacielenými migrantmi) v rokoch 2000 - 2016. Použitie priestorovej analýzy a modelovania štruktúrnej rovnice. Odhady vplyvu ekonomického prisťahovalectva na produktivitu. | ||
| 610 | 2 | 0 | |a Európska únia |
| 610 | 2 | 0 | |a poľnohospodárstvo |
| 610 | 2 | 0 | |a migrácia |
| 610 | 2 | 0 | |a produktivita |
| 610 | 2 | 0 | |a analýza empirická |
| 610 | 2 | 0 | |a modelovanie ekonometrické |
| 100 | 1 | |a Cristea, Mirela | |
| 700 | 1 | |a Noja, Gratiela Georgiana | |